| 000 | 00650nam a2200253 a 4500 | ||
|---|---|---|---|
| 005 | 20140310183309.0 | ||
| 008 | 050909s19uu xx 00 eng d | ||
| 020 | _a9812546103 | ||
| 050 |
_aRT 41 _b.W582 2005 |
||
| 100 | _aWhite, Lois | ||
| 245 |
_aMedical-surgical nursing: _ban integrated approach. |
||
| 250 | _a2nd | ||
| 260 |
_aAustralia : _bThomson Delmar, _c2005. |
||
| 300 |
_axxi, 1110 p. : _bcol. ill. ; _c26 cm. |
||
| 521 | _aNUR | ||
| 650 | _aMedical-surgical nursing. | ||
| 700 | _aDuncan, Gena | ||
| 942 |
_cBK _2lcc _kFOR |
||
| 999 |
_c21115 _d21115 |
||